[Event "1 Open internacional Amic Hotel"]
[Site "Palma de Mallorca ESP"]
[Date "2015.03.22"]
[Round "1.1"]
[White "Fedorchuk, Sergey A"]
[Black "Berset, Philippe"]
[Result "1-0"]
[WhiteElo "2650"]
[BlackElo "2107"]
[PlyCount "81"]
[EventDate "2015.03.22"]
[EventType "swiss"]
[EventRounds "9"]
[EventCountry "ESP"]
[Source "lmi"]
[SourceDate "2015.03.22"]

1. e4 e6 2. d4 d5 3. Nd2 Nf6 4. e5 Nfd7 5. Ngf3 c5 6. c3 Nc6 7. Bd3 a5 8. a4
Be7 9. O-O cxd4 10. cxd4 Nb4 11. Bb1 Nb8 12. Re1 Bd7 13. Nf1 N8c6 14. Ng3 h5
15. h3 Qb6 16. Be3 O-O-O 17. Ng5 Be8 18. Ne2 Kb8 19. Nc3 Na7 20. Qd2 Rc8 21.
Nf3 Rc4 22. Bg5 Qd8 23. Ra3 Bxg5 24. Nxg5 Qb6 25. Ne2 Nbc6 26. Rd1 Ne7 27. b3
Qb4 28. bxc4 Qxa3 29. Qxa5 Qxa4 30. Qd2 dxc4 31. Be4 Bc6 32. Nc3 Qa5 33. Nxf7
Rf8 34. Nd6 Bxe4 35. Ncxe4 Qxd2 36. Rxd2 Nac6 37. Nxc4 b5 38. Ncd6 Kc7 39. Nc5
Nd8 40. Rc2 Nec6 41. Nxb5+ 1-0

[Event "1 Open internacional Amic Hotel"]
[Site "Palma de Mallorca ESP"]
[Date "2015.03.22"]
[Round "1.2"]
[White "Schenk Papke, Andres"]
[Black "Kovchan, Alexander"]
[Result "0-1"]
[WhiteElo "2086"]
[BlackElo "2576"]
[PlyCount "60"]
[EventDate "2015.03.22"]
[EventType "swiss"]
[EventRounds "9"]
[EventCountry "ESP"]
[Source "lmi"]
[SourceDate "2015.03.22"]

1. d4 Nf6 2. Nf3 g6 3. g3 d5 4. Bg2 c6 5. O-O Bg7 6. Nbd2 O-O 7. Ne5 Nbd7 8.
Nd3 Re8 9. Nf3 Ne4 10. c3 Nd6 11. Bf4 f6 12. Bxd6 exd6 13. Re1 Nf8 14. Qb3 Qb6
15. Nd2 Be6 16. Nf4 Bf7 17. h4 Qc7 18. Qc2 Re7 19. e3 Rae8 20. b3 g5 21. hxg5
fxg5 22. Ne2 Qd7 23. Nf3 Bg6 24. Qd2 Qf5 25. Rac1 Nd7 26. c4 Nf6 27. Rf1 Ne4
28. Qb2 Rf8 29. Nc3 Nxc3 30. Qxc3 Bh5 0-1

[Event "1 Open internacional Amic Hotel"]
[Site "Palma de Mallorca ESP"]
[Date "2015.03.22"]
[Round "1.3"]
[White "Stopa, Jacek"]
[Black "Arroyo Salido, Marcelino-Eudor"]
[Result "1-0"]
[WhiteElo "2544"]
[BlackElo "2059"]
[PlyCount "57"]
[EventDate "2015.03.22"]
[EventType "swiss"]
[EventRounds "9"]
[EventCountry "ESP"]
[Source "lmi"]
[SourceDate "2015.03.22"]

1. d4 Nf6 2. c4 e6 3. Nf3 Bb4+ 4. Nbd2 b6 5. g3 Bb7 6. Bg2 O-O 7. O-O a5 8. Re1
Ne4 9. Ne5 f5 10. Nd3 Bxd2 11. Bxd2 Nxd2 12. Bxb7 Ra7 13. Qxd2 Rxb7 14. d5 Qf6
15. dxe6 dxe6 16. Qe3 c5 17. Nf4 Kf7 18. Qf3 Rd7 19. Rad1 Rfd8 20. Rxd7+ Nxd7
21. Rd1 Nf8 22. Rxd8 Qxd8 23. Qb7+ Nd7 24. h4 g6 25. Nd3 Kf6 26. Nf4 Qe7 27.
Qc8 Kf7 28. Qc6 Nb8 29. Qxb6 1-0

[Event "1 Open internacional Amic Hotel"]
[Site "Palma de Mallorca ESP"]
[Date "2015.03.22"]
[Round "1.4"]
[White "Terraz, Christian"]
[Black "Del Rio De Angelis, Salvador G"]
[Result "0-1"]
[WhiteElo "2057"]
[BlackElo "2519"]
[PlyCount "60"]
[EventDate "2015.03.22"]
[EventType "swiss"]
[EventRounds "9"]
[EventCountry "ESP"]
[Source "lmi"]
[SourceDate "2015.03.22"]

1. Nf3 d5 2. c4 e6 3. cxd5 exd5 4. g3 Nf6 5. Bg2 Be7 6. O-O O-O 7. d3 c5 8.
Nbd2 Nc6 9. b3 Re8 10. Re1 d4 11. Bb2 Bf8 12. Rc1 Nd5 13. a3 a5 14. a4 Ncb4 15.
Nc4 Bf5 16. Qd2 h6 17. Ba1 Ra6 18. Bf1 Nf6 19. Red1 Rae6 20. e4 dxe3 21. Nxe3
Bg6 22. Bc3 Nfd5 23. Nxd5 Qxd5 24. Nh4 Bh5 25. Re1 Qxb3 26. Rxe6 Rxe6 27. d4
Na2 28. Rc2 Nxc3 29. Rxc3 Qd5 30. Rd3 c4 0-1

[Event "1 Open internacional Amic Hotel"]
[Site "Palma de Mallorca ESP"]
[Date "2015.03.22"]
[Round "1.5"]
[White "Hasangatin, Ramil"]
[Black "Grigoriev, Vladimir"]
[Result "1-0"]
[WhiteElo "2501"]
[BlackElo "2053"]
[PlyCount "91"]
[EventDate "2015.03.22"]
[EventType "swiss"]
[EventRounds "9"]
[EventCountry "ESP"]
[Source "lmi"]
[SourceDate "2015.03.22"]

1. e4 e5 2. Nf3 Nf6 3. d3 d6 4. c3 Be7 5. Nbd2 O-O 6. d4 Nbd7 7. Bd3 c6 8. O-O
Qc7 9. Re1 Re8 10. Nf1 Nf8 11. Ng3 Ng6 12. h3 h6 13. d5 Nf4 14. Bxf4 exf4 15.
Ne2 cxd5 16. Nxf4 dxe4 17. Bxe4 Bd7 18. Nd4 Bf8 19. Nd5 Nxd5 20. Bxd5 Rxe1+ 21.
Qxe1 Re8 22. Qd1 Bc6 23. Bxc6 bxc6 24. Qa4 Rc8 25. Rd1 g6 26. Qa6 Rb8 27. b3
Rb6 28. Qe2 Qe7 29. Kf1 d5 30. Qxe7 Bxe7 31. Ke2 Kf8 32. Kd3 Ke8 33. Nf3 Bf6
34. c4 Kd7 35. Rc1 dxc4+ 36. Rxc4 Ra6 37. Rc2 Ra5 38. Kc4 Rf5 39. Ne1 Rf4+ 40.
Kd3 g5 41. Kd2 Bd4 42. f3 Bf6 43. Ke3 Be7 44. Rd2+ Kc7 45. Ke2 h5 46. Rd4 1-0

[Event "1 Open internacional Amic Hotel"]
[Site "Palma de Mallorca ESP"]
[Date "2015.03.22"]
[Round "1.6"]
[White "Meyer, Peter"]
[Black "Teske, Henrik"]
[Result "1/2-1/2"]
[WhiteElo "2049"]
[BlackElo "2476"]
[PlyCount "49"]
[EventDate "2015.03.22"]
[EventType "swiss"]
[EventRounds "9"]
[EventCountry "ESP"]
[Source "lmi"]
[SourceDate "2015.03.22"]

1. e4 c5 2. c3 d5 3. exd5 Nf6 4. Nf3 Nxd5 5. d4 cxd4 6. Nxd4 e5 7. Bb5+ Bd7 8.
Qe2 Bd6 9. Nf5 Qb6 10. Nxg7+ Kd8 11. Bxd7 Nxd7 12. Nf5 Bc5 13. O-O Qe6 14. Rd1
Rg8 15. Qd3 Nf4 16. Bxf4 exf4 17. Qd5 Kc7 18. b4 Rg5 19. Qxe6 fxe6 20. Nd4 Bxd4
21. cxd4 a5 22. bxa5 Raxa5 23. Nc3 Ra3 24. Rdc1 Kb8 25. Rab1 1/2-1/2

[Event "1 Open internacional Amic Hotel"]
[Site "Palma de Mallorca ESP"]
[Date "2015.03.22"]
[Round "1.8"]
[White "Schmit, Vincent"]
[Black "Smirnov, Artem"]
[Result "0-1"]
[WhiteElo "2017"]
[BlackElo "2456"]
[PlyCount "100"]
[EventDate "2015.03.22"]
[EventType "swiss"]
[EventRounds "9"]
[EventCountry "ESP"]
[Source "lmi"]
[SourceDate "2015.03.22"]

1. e4 c5 2. Nf3 d6 3. Bb5+ Nd7 4. O-O a6 5. Bxd7+ Bxd7 6. c3 Nf6 7. Re1 Bg4 8.
d4 cxd4 9. cxd4 e6 10. Bg5 Be7 11. Nbd2 O-O 12. e5 Nd5 13. Bxe7 Qxe7 14. Qb3
Bxf3 15. Nxf3 Rac8 16. a3 h6 17. Rec1 b5 18. Rc2 dxe5 19. dxe5 Nf4 20. Kf1 Rfd8
21. Rac1 Rxc2 22. Qxc2 Qb7 23. Rd1 Rxd1+ 24. Qxd1 Qe4 25. Qd4 Qe2+ 26. Kg1 Qc2
27. Kf1 Qe2+ 28. Kg1 Nh3+ 29. gxh3 Qxf3 30. Qd6 Qxh3 31. Qxa6 Qg4+ 32. Kf1 Qd1+
33. Kg2 Qd5+ 34. Kg1 Qxe5 35. Qc8+ Kh7 36. Qc2+ f5 37. Qd2 Qe4 38. b3 Qb1+ 39.
Kg2 Qxb3 40. Qc1 Qd5+ 41. Kg1 Qd4 42. Qb1 Qg4+ 43. Kf1 Qh3+ 44. Kg1 Qxa3 45.
Qxb5 Qc1+ 46. Kg2 Qg5+ 47. Kf1 Qf4 48. Qc6 Qxh2 49. Qxe6 Qh1+ 50. Ke2 Qe4+ 0-1

[Event "1 Open internacional Amic Hotel"]
[Site "Palma de Mallorca ESP"]
[Date "2015.03.22"]
[Round "1.9"]
[White "Starostits, Ilmars"]
[Black "Ruiz Vinals, Matias"]
[Result "1-0"]
[WhiteElo "2453"]
[BlackElo "2014"]
[PlyCount "69"]
[EventDate "2015.03.22"]
[EventType "swiss"]
[EventRounds "9"]
[EventCountry "ESP"]
[Source "lmi"]
[SourceDate "2015.03.22"]

1. d4 d5 2. c4 e6 3. Nc3 c6 4. e3 Bd6 5. Nf3 f5 6. Bd3 Nf6 7. Qc2 Ne4 8. Ne5
Nd7 9. f4 O-O 10. O-O Nxe5 11. fxe5 Be7 12. Rb1 Bd7 13. b4 Rc8 14. c5 Kh8 15.
a4 a6 16. Bd2 g5 17. Nxe4 fxe4 18. Be2 Qe8 19. Rxf8+ Qxf8 20. b5 axb5 21. axb5
Qe8 22. bxc6 Bxc6 23. Bg4 Qg6 24. Qd1 Ra8 25. Bh5 Qh6 26. Qg4 Kg7 27. Qh3 Rb8
28. Bg4 Qxh3 29. gxh3 Bd7 30. Ba5 Bc8 31. c6 b5 32. Bc7 Ra8 33. Bd6 Bf8 34. Rf1
Ba6 35. Bxe6 1-0

[Event "1 Open internacional Amic Hotel"]
[Site "Palma de Mallorca ESP"]
[Date "2015.03.22"]
[Round "1.10"]
[White "Fuster Orfila, Xim"]
[Black "Plaskett, H James"]
[Result "1/2-1/2"]
[WhiteElo "1932"]
[BlackElo "2445"]
[PlyCount "89"]
[EventDate "2015.03.22"]
[EventType "swiss"]
[EventRounds "9"]
[EventCountry "ESP"]
[Source "lmi"]
[SourceDate "2015.03.22"]

1. e4 c5 2. Nc3 Nc6 3. g3 g6 4. Bg2 Bg7 5. d3 d6 6. Nf3 Rb8 7. O-O b5 8. a3 Nf6
9. Nd5 O-O 10. c3 a5 11. Bd2 Ba6 12. b4 Nd7 13. Qc2 e6 14. Ne3 Rc8 15. Rfb1
axb4 16. axb4 Qb6 17. bxc5 dxc5 18. Nc4 Qc7 19. Rxa6 bxc4 20. dxc4 Ra8 21. Qa4
Rac8 22. Bf4 Nde5 23. Nxe5 Nxe5 24. Ra7 Qd6 25. Rd1 Qb6 26. Bxe5 Bxe5 27. Qa3
Bxc3 28. Ra6 Qb7 29. e5 Qb4 30. Qa2 Bxe5 31. Rb1 Qc3 32. Ra3 Qd4 33. Qe2 Rfd8
34. Re3 Bf6 35. Qf3 Bg7 36. Qb7 Qxc4 37. Rf3 e5 38. Bf1 Qe6 39. Rb6 Qd7 40. Bc4
Qxb7 41. Rxb7 Rf8 42. Rfxf7 Rxf7 43. Rxf7 Kh8 44. Kf1 Rd8 45. Re7 1/2-1/2

[Event "1 Open internacional Amic Hotel"]
[Site "Palma de Mallorca ESP"]
[Date "2015.03.22"]
[Round "1.11"]
[White "Abergel, Thal"]
[Black "Boix Pons, Catalina"]
[Result "1-0"]
[WhiteElo "2425"]
[BlackElo "1916"]
[PlyCount "85"]
[EventDate "2015.03.22"]
[EventType "swiss"]
[EventRounds "9"]
[EventCountry "ESP"]
[Source "lmi"]
[SourceDate "2015.03.22"]

1. e4 c5 2. Nc3 Nc6 3. Bb5 Nd4 4. Bc4 a6 5. Nf3 Nc6 6. a4 d6 7. d4 cxd4 8. Nxd4
Nf6 9. O-O e6 10. b3 g6 11. Ba3 Be7 12. Re1 O-O 13. Qd2 Qc7 14. Bb2 Rd8 15.
Rad1 Bd7 16. h3 Ne8 17. Nxc6 Bxc6 18. Qe3 Bf6 19. Rd2 Rab8 20. Bf1 b5 21. axb5
axb5 22. Nd1 Ra8 23. Bxf6 Nxf6 24. Qc3 Ne8 25. Nb2 Qb7 26. Qb4 Ra2 27. Nd3 Rda8
28. e5 d5 29. Qc3 Bd7 30. Nb4 R2a7 31. Rdd1 Rc8 32. Qd4 Ng7 33. Bd3 Ne8 34. g4
Nc7 35. h4 Na6 36. Nxa6 Rxa6 37. h5 Be8 38. g5 Qe7 39. Qf4 Rac6 40. h6 Bd7 41.
Ra1 R6c7 42. Ra6 Be8 43. Rea1 1-0

[Event "1 Open internacional Amic Hotel"]
[Site "Palma de Mallorca ESP"]
[Date "2015.03.23"]
[Round "2.1"]
[White "Hansen, Mads"]
[Black "Fedorchuk, Sergey A"]
[Result "0-1"]
[WhiteElo "2350"]
[BlackElo "2650"]
[PlyCount "82"]
[EventDate "2015.03.22"]
[EventType "swiss"]
[EventRounds "9"]
[EventCountry "ESP"]
[Source "lmi"]
[SourceDate "2015.03.22"]

1. e4 c5 2. Nf3 e6 3. d4 cxd4 4. Nxd4 a6 5. Bd3 Bc5 6. Nb3 Be7 7. Qg4 g6 8. Qe2
d6 9. O-O Nd7 10. c4 b6 11. Nc3 Bb7 12. f4 Ngf6 13. Bd2 O-O 14. Kh1 Re8 15. Nd4
Bf8 16. Rad1 Qc7 17. Be1 Bg7 18. Bh4 Rac8 19. Nf3 Nh5 20. Qd2 Nc5 21. Bb1 Bxc3
22. Qxc3 Nxe4 23. Qd4 Qxc4 24. Bxe4 Bxe4 25. Qxc4 Rxc4 26. Nd2 Rb4 27. a3 Bxg2+
28. Kxg2 Rxb2 29. Bf2 Nxf4+ 30. Kh1 e5 31. Nc4 Rb3 32. Rxd6 b5 33. Nxe5 Rxe5
34. Rd8+ Kg7 35. Bd4 Nd3 36. Rd7 Kh6 37. Rdxf7 Re1 38. Kg2 Rxf1 39. Kxf1 Rxa3
40. Be3+ g5 41. h4 Kg6 0-1

[Event "1 Open internacional Amic Hotel"]
[Site "Palma de Mallorca ESP"]
[Date "2015.03.23"]
[Round "2.2"]
[White "Kovchan, Alexander"]
[Black "Giemsa, Stephan"]
[Result "1-0"]
[WhiteElo "2576"]
[BlackElo "2328"]
[PlyCount "83"]
[EventDate "2015.03.22"]
[EventType "swiss"]
[EventRounds "9"]
[EventCountry "ESP"]
[Source "lmi"]
[SourceDate "2015.03.22"]

1. e4 e6 2. d4 d5 3. Nc3 dxe4 4. Nxe4 Nd7 5. Nf3 Ngf6 6. Bg5 h6 7. Nxf6+ Nxf6
8. Bh4 c5 9. c3 cxd4 10. Nxd4 Bc5 11. Bb5+ Bd7 12. Qe2 Bxd4 13. O-O-O Bxb5 14.
Qxb5+ Qd7 15. Qxd7+ Nxd7 16. Rxd4 Nb6 17. Rhd1 O-O 18. Rb4 f5 19. f3 Rf7 20.
Rbd4 Rc8 21. Rd6 Nd5 22. Bf2 a6 23. Re1 Nf4 24. g3 Nh3 25. Bd4 Ng5 26. f4 Nf3
27. Rexe6 Nxh2 28. Kc2 Nf3 29. Bb6 Nh2 30. Kd3 Nf1 31. Bf2 Nh2 32. c4 Ng4 33.
Bd4 Rcc7 34. b4 Rfd7 35. c5 Rxd6 36. cxd6 Rd7 37. Kc4 Kf7 38. Kd5 h5 39. Re2
Nf6+ 40. Bxf6 Kxf6 41. Re8 Kf7 42. Rh8 1-0

[Event "1 Open internacional Amic Hotel"]
[Site "Palma de Mallorca ESP"]
[Date "2015.03.23"]
[Round "2.3"]
[White "Guerra Bastida, Diego"]
[Black "Stopa, Jacek"]
[Result "0-1"]
[WhiteElo "2324"]
[BlackElo "2544"]
[PlyCount "40"]
[EventDate "2015.03.22"]
[EventType "swiss"]
[EventRounds "9"]
[EventCountry "ESP"]
[Source "lmi"]
[SourceDate "2015.03.22"]

1. d4 f5 2. Nf3 Nf6 3. g3 e6 4. Bg2 d5 5. c4 c6 6. Qc2 Bd6 7. O-O O-O 8. Ne5
Nbd7 9. Bf4 Bxe5 10. dxe5 Nh5 11. Bf3 Nxf4 12. gxf4 Qh4 13. e3 g5 14. fxg5 Nxe5
15. Bg2 Nxc4 16. b3 Ne5 17. Nd2 f4 18. Qc3 Qxg5 19. Kh1 Ng6 20. Nf3 Qf6 0-1

[Event "1 Open internacional Amic Hotel"]
[Site "Palma de Mallorca ESP"]
[Date "2015.03.23"]
[Round "2.4"]
[White "Del Rio De Angelis, Salvador G"]
[Black "Sylvan, Jacob"]
[Result "1/2-1/2"]
[WhiteElo "2519"]
[BlackElo "2321"]
[PlyCount "103"]
[EventDate "2015.03.22"]
[EventType "swiss"]
[EventRounds "9"]
[EventCountry "ESP"]
[Source "lmi"]
[SourceDate "2015.03.22"]

1. d4 Nf6 2. c4 g6 3. g3 Bg7 4. Bg2 O-O 5. Nc3 d6 6. Nf3 c6 7. O-O Qa5 8. e4 e5
9. h3 Nbd7 10. Re1 Re8 11. d5 cxd5 12. cxd5 b5 13. a3 b4 14. Qa4 Qxa4 15. Nxa4
Nb6 16. axb4 Nxa4 17. Rxa4 Bd7 18. Ra5 Rec8 19. Bd2 Rc4 20. Nh2 Bf8 21. Nf1 Be7
22. Bc3 Bd8 23. Ra3 Bb6 24. Nd2 Rc7 25. Bf1 Rac8 26. Kg2 Ne8 27. Ba6 Rb8 28.
Nc4 Bd4 29. Na5 f5 30. exf5 gxf5 31. Rd1 Bb6 32. Nc4 Kf8 33. Nxb6 axb6 34. Be2
Ke7 35. f4 e4 36. g4 Rcc8 37. Ra7 Ra8 38. Rxa8 Rxa8 39. gxf5 Nf6 40. Kf2 Bxf5
41. Bb5 Bxh3 42. Rg1 Kf7 43. Bc6 Ra2 44. Bd4 Bf5 45. Rg5 Bc8 46. f5 Ra1 47.
Bxb6 Rh1 48. Bd4 Rd1 49. Bc3 Nxd5 50. Rg7+ Kf8 51. Bxd5 Rxd5 52. Rxh7 1/2-1/2

[Event "1 Open internacional Amic Hotel"]
[Site "Palma de Mallorca ESP"]
[Date "2015.03.23"]
[Round "2.5"]
[White "Ermeni, Avni"]
[Black "Hasangatin, Ramil"]
[Result "0-1"]
[WhiteElo "2301"]
[BlackElo "2501"]
[PlyCount "106"]
[EventDate "2015.03.22"]
[EventType "swiss"]
[EventRounds "9"]
[EventCountry "ESP"]
[Source "lmi"]
[SourceDate "2015.03.22"]

1. d4 d6 2. Nf3 Bg4 3. Nbd2 Nd7 4. g3 c6 5. Bg2 Ngf6 6. O-O e5 7. dxe5 dxe5 8.
h3 Bh5 9. g4 Bg6 10. Nh4 Be7 11. Nxg6 hxg6 12. Nc4 Qc7 13. e4 b5 14. Nd2 Nc5
15. Qe2 Ne6 16. Nf3 a6 17. Rd1 Nd7 18. c3 g5 19. Be3 Ndf8 20. a4 Ng6 21. axb5
cxb5 22. Ne1 O-O 23. Nd3 Qc4 24. f3 Rfd8 25. Bf1 Qc6 26. Rd2 a5 27. Rad1 Rdb8
28. Rc2 Rc8 29. Rcc1 Rab8 30. Qh2 Bd6 31. Qd2 Be7 32. Qh2 Qc7 33. Qf2 Rd8 34.
Be2 Rd7 35. Bf1 Qc6 36. Ra1 Bd8 37. Rd2 Bc7 38. Rad1 Rbd8 39. Qe2 Bb6 40. Bxb6
Qxb6+ 41. Qf2 Qc7 42. Qe3 b4 43. Nc1 Rxd2 44. Rxd2 bxc3 45. bxc3 Ngf4 46. Kh2
Rb8 47. Ra2 Qd6 48. Be2 Nxe2 49. Nxe2 Qd1 50. Ng3 a4 51. Qf2 Qb3 52. Qc2 Qxc2+
53. Rxc2 a3 0-1

[Event "1 Open internacional Amic Hotel"]
[Site "Palma de Mallorca ESP"]
[Date "2015.03.23"]
[Round "2.6"]
[White "Dukaczewski, Piotr"]
[Black "Czakon, Jakub"]
[Result "1-0"]
[WhiteElo "2295"]
[BlackElo "2475"]
[PlyCount "36"]
[EventDate "2015.03.22"]
[EventType "swiss"]
[EventRounds "9"]
[EventCountry "ESP"]
[Source "lmi"]
[SourceDate "2015.03.22"]

1. c4 e5 2. Nc3 Nf6 3. g3 Bc5 4. Bg2 O-O 5. e3 d6 6. Nge2 c6 7. O-O Bf5 8. d4
Bb6 9. e4 Be6 10. b3 Na6 11. Ba3 Re8 12. h3 exd4 13. Nxd4 Nc5 14. Re1 a5 15.
Qd2 Ncd7 16. Kh2 Ne5 17. f3 Nh5 18. Nde2 Rc8 1-0

[Event "1 Open internacional Amic Hotel"]
[Site "Palma de Mallorca ESP"]
[Date "2015.03.23"]
[Round "2.7"]
[White "Smirnov, Artem"]
[Black "Dimitrijeski, Boris"]
[Result "1-0"]
[WhiteElo "2456"]
[BlackElo "2276"]
[PlyCount "67"]
[EventDate "2015.03.22"]
[EventType "swiss"]
[EventRounds "9"]
[EventCountry "ESP"]
[Source "lmi"]
[SourceDate "2015.03.22"]

1. d4 d5 2. c4 c6 3. Nf3 Nf6 4. Nc3 a6 5. g3 Bf5 6. Bg2 e6 7. O-O h6 8. Nd2
Nbd7 9. e4 dxe4 10. Ndxe4 Be7 11. Bf4 Nxe4 12. Nxe4 Bxe4 13. Bxe4 Nf6 14. Bg2
Bd6 15. Be3 O-O 16. Qb3 Rb8 17. Rad1 Qa5 18. c5 Be7 19. Bf4 Rbd8 20. Qxb7 Rd7
21. Qb6 Qxb6 22. cxb6 Nd5 23. Bxd5 Rxd5 24. Rc1 Rb5 25. Rxc6 Rxb2 26. a4 a5 27.
Rd1 Rd8 28. Bc7 Rd5 29. Rcc1 Bd8 30. Rb1 Rxd4 31. Rxb2 Rxd1+ 32. Kg2 Kh7 33.
Rc2 Kg6 34. Rc5 1-0

[Event "1 Open internacional Amic Hotel"]
[Site "Palma de Mallorca ESP"]
[Date "2015.03.23"]
[Round "2.8"]
[White "Rodriguez Lopez, Rafael"]
[Black "Starostits, Ilmars"]
[Result "0-1"]
[WhiteElo "2292"]
[BlackElo "2453"]
[PlyCount "54"]
[EventDate "2015.03.22"]
[EventType "swiss"]
[EventRounds "9"]
[EventCountry "ESP"]
[Source "lmi"]
[SourceDate "2015.03.22"]

1. e4 c5 2. Nf3 d6 3. d4 cxd4 4. Nxd4 Nf6 5. Nc3 g6 6. Be3 Bg7 7. f3 Nc6 8. Bc4
Bd7 9. Bb3 Na5 10. Qd2 h5 11. O-O-O Nxb3+ 12. cxb3 a5 13. Kb1 a4 14. bxa4 Bxa4
15. Nxa4 Rxa4 16. Nb5 O-O 17. e5 Nd7 18. exd6 exd6 19. Qxd6 Qa5 20. Qxd7 Rxa2
21. Bd4 Qa4 22. Na3 Qxd7 23. Bxg7 Qf5+ 24. Kxa2 Kxg7 25. Rhe1 b5 26. Re4 Rb8
27. Rd3 Qc5 0-1

[Event "1 Open internacional Amic Hotel"]
[Site "Palma de Mallorca ESP"]
[Date "2015.03.23"]
[Round "2.9"]
[White "Matras-Clement, Agnieszka"]
[Black "Abergel, Thal"]
[Result "0-1"]
[WhiteElo "2263"]
[BlackElo "2425"]
[PlyCount "66"]
[EventDate "2015.03.22"]
[EventType "swiss"]
[EventRounds "9"]
[EventCountry "ESP"]
[Source "lmi"]
[SourceDate "2015.03.22"]

1. e4 c5 2. c3 d5 3. exd5 Qxd5 4. d4 Nc6 5. Nf3 Bf5 6. Be2 cxd4 7. cxd4 Bxb1 8.
Rxb1 e6 9. a3 Bd6 10. O-O Nf6 11. Be3 O-O 12. h3 Rad8 13. b4 Bb8 14. b5 Ne7 15.
Rc1 Nf5 16. Qd3 Ne4 17. Rfd1 Nxe3 18. Qxe3 Nf6 19. Rc5 Qd6 20. Rdc1 Nd5 21. Qb3
Qe7 22. g3 Bc7 23. Bf1 Bb6 24. R5c4 Nf6 25. Bg2 Ne4 26. Qc2 Nd6 27. Rb4 Nf5 28.
Rd1 Rc8 29. Qe4 Rc3 30. d5 Rxa3 31. dxe6 fxe6 32. Re1 Ra2 33. Re2 Rxe2 0-1

[Event "1 Open internacional Amic Hotel"]
[Site "Palma de Mallorca ESP"]
[Date "2015.03.23"]
[Round "2.10"]
[White "Mascaro March, Pedro"]
[Black "Tattersall Rodriguez, Lester"]
[Result "1/2-1/2"]
[WhiteElo "2416"]
[BlackElo "2247"]
[PlyCount "45"]
[EventDate "2015.03.22"]
[EventType "swiss"]
[EventRounds "9"]
[EventCountry "ESP"]
[Source "lmi"]
[SourceDate "2015.03.22"]

1. d4 Nf6 2. c4 e6 3. Nc3 Bb4 4. e3 b6 5. Bd3 Bb7 6. Nf3 Ne4 7. Qc2 f5 8. O-O
Nxc3 9. bxc3 Bxf3 10. gxf3 Bd6 11. f4 g5 12. Qe2 gxf4 13. Qh5+ Kf8 14. Kh1 Qf6
15. Rg1 Nc6 16. e4 fxe4 17. Bxe4 Ke7 18. Bd2 Rag8 19. Rxg8 Rxg8 20. Qxh7+ Rg7
21. Qh3 Nxd4 22. Rg1 Rxg1+ 23. Kxg1 1/2-1/2

[Event "1 Open internacional Amic Hotel"]
[Site "Palma de Mallorca ESP"]
[Date "2015.03.24"]
[Round "3.1"]
[White "Fedorchuk, Sergey A"]
[Black "Abergel, Thal"]
[Result "1-0"]
[WhiteElo "2650"]
[BlackElo "2425"]
[PlyCount "55"]
[EventDate "2015.03.22"]
[EventType "swiss"]
[EventRounds "9"]
[EventCountry "ESP"]
[Source "lmi"]
[SourceDate "2015.03.22"]

1. e4 c5 2. Nf3 e6 3. d4 cxd4 4. Nxd4 Nf6 5. Nc3 Nc6 6. Ndb5 d6 7. Bf4 e5 8.
Bg5 a6 9. Na3 b5 10. Nd5 Be7 11. Bxf6 Bxf6 12. c3 O-O 13. Nc2 Bg5 14. a4 Rb8
15. axb5 axb5 16. Bd3 Be6 17. Ndb4 Ne7 18. O-O Rb6 19. Qe2 f5 20. exf5 Bxf5 21.
Bxf5 Rxf5 22. Rfd1 d5 23. Nxd5 Nxd5 24. Qe4 Rbf6 25. Rxd5 Qb6 26. Ra8+ Kf7 27.
Nd4 Bh4 28. g3 1-0

[Event "1 Open internacional Amic Hotel"]
[Site "Palma de Mallorca ESP"]
[Date "2015.03.24"]
[Round "3.2"]
[White "Munoz Pantoja, Miguel"]
[Black "Kovchan, Alexander"]
[Result "1/2-1/2"]
[WhiteElo "2401"]
[BlackElo "2576"]
[PlyCount "42"]
[EventDate "2015.03.22"]
[EventType "swiss"]
[EventRounds "9"]
[EventCountry "ESP"]
[Source "lmi"]
[SourceDate "2015.03.22"]

1. e4 c6 2. Nc3 d5 3. Nf3 Bg4 4. Be2 Nf6 5. e5 Nfd7 6. d4 e6 7. O-O Be7 8. Ne1
Bxe2 9. Nxe2 c5 10. c3 Nc6 11. Be3 Qb6 12. Qd2 cxd4 13. cxd4 Bb4 14. Qc2 Bxe1
15. Rfxe1 O-O 16. Qd2 Rac8 17. Rac1 Nb4 18. Rxc8 Rxc8 19. Rc1 Rxc1+ 20. Nxc1
Nc6 21. b3 Qb5 1/2-1/2

[Event "1 Open internacional Amic Hotel"]
[Site "Palma de Mallorca ESP"]
[Date "2015.03.24"]
[Round "3.3"]
[White "Stopa, Jacek"]
[Black "Skytte, Rasmus"]
[Result "1/2-1/2"]
[WhiteElo "2544"]
[BlackElo "2407"]
[PlyCount "56"]
[EventDate "2015.03.22"]
[EventType "swiss"]
[EventRounds "9"]
[EventCountry "ESP"]
[Source "lmi"]
[SourceDate "2015.03.22"]

1. d4 Nf6 2. c4 e6 3. Nc3 Bb4 4. f3 d5 5. a3 Bxc3+ 6. bxc3 c5 7. cxd5 Nxd5 8.
dxc5 Qa5 9. e4 Ne7 10. Be3 O-O 11. Qb3 Qc7 12. Bb5 Nec6 13. Rd1 Na5 14. Qa4 e5
15. Ne2 Be6 16. Nc1 a6 17. Be2 Nd7 18. Qb4 Rac8 19. Nd3 Nb3 20. O-O Ndxc5 21.
Nxc5 Nxc5 22. c4 a5 23. Qb5 b6 24. Rb1 Rb8 25. Rfd1 Bd7 26. Qb2 Na4 27. Qd2 Be6
28. Qc2 Nc5 1/2-1/2

[Event "1 Open internacional Amic Hotel"]
[Site "Palma de Mallorca ESP"]
[Date "2015.03.24"]
[Round "3.4"]
[White "Hasangatin, Ramil"]
[Black "Ochsner, Bjorn Moller"]
[Result "1-0"]
[WhiteElo "2501"]
[BlackElo "2359"]
[PlyCount "115"]
[EventDate "2015.03.22"]
[EventType "swiss"]
[EventRounds "9"]
[EventCountry "ESP"]
[Source "lmi"]
[SourceDate "2015.03.22"]

1. d4 Nf6 2. Nc3 d5 3. Bg5 Nbd7 4. Nf3 h6 5. Bf4 e6 6. Nb5 Bb4+ 7. c3 Ba5 8. e3
O-O 9. Bd3 Nh5 10. O-O Nxf4 11. exf4 a6 12. Na3 c5 13. Nc2 cxd4 14. cxd4 Nf6
15. Qe2 Qd6 16. g3 Bd7 17. Rac1 Rfc8 18. Na1 Bb6 19. Nb3 Qb4 20. Qd2 Qxd2 21.
Nfxd2 Bb5 22. Bxb5 axb5 23. a3 Nd7 24. h4 Kf8 25. Rfd1 Ke7 26. Kf1 Rxc1 27.
Rxc1 Ra4 28. Ke2 b4 29. axb4 Rxb4 30. Kd3 Nb8 31. Kc3 Nc6 32. Ra1 Bxd4+ 33.
Nxd4 Rxd4 34. Ra8 Rb4 35. Rc8 d4+ 36. Kc2 f5 37. Rc7+ Kf6 38. b3 e5 39. fxe5+
Nxe5 40. f4 Nc6 41. Nc4 Rb5 42. Nd6 d3+ 43. Kd2 Rxb3 44. Ne8+ Ke6 45. Nxg7+ Kd6
46. Rc8 Kd7 47. Rf8 Nd4 48. Ke3 Nc2+ 49. Kd2 Nd4 50. Ke3 Nc2+ 51. Kd2 Nb4 52.
Rf7+ Kc6 53. Rf6+ Kc5 54. Nxf5 Rb2+ 55. Kc3 d2 56. Rd6 Nd5+ 57. Rxd5+ Kxd5 58.
Kxb2 1-0

[Event "1 Open internacional Amic Hotel"]
[Site "Palma de Mallorca ESP"]
[Date "2015.03.24"]
[Round "3.5"]
[White "Blechzin, Igor"]
[Black "Smirnov, Artem"]
[Result "1/2-1/2"]
[WhiteElo "2354"]
[BlackElo "2456"]
[PlyCount "46"]
[EventDate "2015.03.22"]
[EventType "swiss"]
[EventRounds "9"]
[EventCountry "ESP"]
[Source "lmi"]
[SourceDate "2015.03.22"]

1. Nf3 Nf6 2. c4 e6 3. g3 a6 4. Bg2 b5 5. b3 Bb7 6. O-O c5 7. Bb2 Be7 8. d3 O-O
9. Nbd2 d6 10. d4 cxd4 11. Nxd4 Bxg2 12. Kxg2 Qd7 13. e3 Nc6 14. Nxc6 Qxc6+ 15.
Qf3 Qxf3+ 16. Kxf3 bxc4 17. Nxc4 d5 18. Ne5 Rfc8 19. Rfc1 Ne4 20. Rxc8+ Rxc8
21. Rc1 Rxc1 22. Bxc1 Kf8 23. Nc6 Bd6 1/2-1/2